| 000 | 00449nam a2200181Ia 4500 | ||
|---|---|---|---|
| 005 | 20250423095314.0 | ||
| 008 | 250422s9999 xx 000 0 und d | ||
| 020 | _a0879755555 | ||
| 050 | _aR 726 .E794/ | ||
| 100 | _aBaird, Robert M. | ||
| 245 | 0 | _aEuthanasia : the moral issues | |
| 260 | _aBuffalo | ||
| 260 | _bPrometheus Books | ||
| 260 | _c1989 | ||
| 300 | _a182 p | ||
| 650 | _aEuthanasia. Ethics, Medical. Euthanasia. | ||
| 942 | _cBK | ||
| 999 |
_c29867 _d29867 |
||